00273nam a2200097Ia 4500008004100000100001900041245004700060260004200107260000900149999001700158170620s9999 xx 000 0 und d aEdiger- Marlow 0aTeaching Mathematics in Elementary Schools bNew Delhi- Discovery Publishing House c2006 c24563d24563